000 01073nam a22002537a 4500
005 20170124103111.0
010 _aB-032776
020 _c175.00
_a8176670561
035 _aB-032776
037 _bCen Lib/Ret
040 _aDPL
_bHN
082 _a401
_bवधान
100 _aवधान, अमरसिंह
_9109119
245 _aभाषा और सूचना प्रधोगिकी /
_cअमरसिंह वधान
246 _aBhasha or soochana pradhogiki /
_bby Amarsingh Vadhan
260 _a दिल्ली
_bभावना प्रकाशन
_c2000
270 _b दिल्ली
_a126, पतपड़गंज
_e110091
300 _a160पृ.
_c20सेमी(सजिल्द )
650 _aहिन्दी --भाषा
_x
_z
_9109120
650 _a हिन्दी --भाषा--सूचना प्रोधोगिकी
_979897
650 _aHindi--language
_99446
650 _a Hindi--language--information technology
_979898
942 _2ddc
_cHN
_h401
_mवधान
999 _c118390
_d118390